000 00306nam a22001337a 4500
008 170922b xxu||||| |||| 00| 0 eng d
020 _a0876260431
041 _aeng
080 _a902
100 _a45
101 _aARK
245 _aARCHAEOLOGICAL RESEARCHES IN RETROSPECT
_cWILLEY,G.R
942 _2udc
_cBK
999 _c28922
_d28922